Loading...
| Philosophy | 1 | 4 | 0 | 0 | 55 | 59 | 92.60 | 0 | 5 |
| Social Science | 0 | 5 | 1 | 1 | 45 | 100 | 120.00 | 2 | 5 |
| History - American History | 0 | 4 | 0 | 1 | 40 | 88 | 113.75 | 0 | 4 |
| Current Events | 0 | 3 | 0 | 2 | 30 | 84 | 116.33 | 0 | 3 |
| Religion | 0 | 3 | 1 | 1 | 25 | 108 | 131.33 | 0 | 3 |
| Fine Arts - Auditory Fine Arts | 0 | 3 | 1 | 0 | 25 | 138 | 146.33 | 0 | 3 |
| History - World History | 0 | 2 | 0 | 1 | 20 | 131 | 138.00 | 0 | 2 |
| Science - Chemistry | 0 | 2 | 0 | 0 | 20 | 95 | 110.00 | 0 | 2 |
| Literature - European Literature | 0 | 2 | 0 | 0 | 20 | 127 | 134.50 | 0 | 2 |
| Literature - British Literature | 1 | 1 | 1 | 0 | 20 | 83 | 117.00 | 0 | 2 |
| History - European History | 1 | 0 | 0 | 0 | 15 | 74 | 74.00 | 1 | 1 |
| Other Academic | 0 | 1 | 0 | 0 | 10 | 87 | 87.00 | 1 | 1 |
| History - Ancient History | 0 | 1 | 0 | 0 | 10 | 144 | 144.00 | 0 | 1 |
| Literature - World Literature | 0 | 1 | 0 | 0 | 10 | 107 | 107.00 | 0 | 1 |
| Geography | 0 | 1 | 0 | 0 | 10 | 97 | 97.00 | 0 | 1 |
| Fine Arts - Visual Fine Arts | 0 | 3 | 4 | 1 | 10 | 122 | 135.33 | 0 | 3 |
| Science - Biology | 0 | 2 | 2 | 1 | 10 | 95 | 115.50 | 1 | 2 |
| Science - Physics | 0 | 1 | 0 | 0 | 10 | 101 | 101.00 | 0 | 1 |